<?xml version="1.0" encoding="UTF-8"?>
<record
    xmlns:xsi="http://www.w3.org/2001/XMLSchema-instance"
    xsi:schemaLocation="http://www.loc.gov/MARC21/slim http://www.loc.gov/standards/marcxml/schema/MARC21slim.xsd"
    xmlns="http://www.loc.gov/MARC21/slim">

  <leader>03049nam a22002297a 4500</leader>
  <controlfield tag="005">20250407102646.0</controlfield>
  <controlfield tag="008">250123b           ||||| |||| 00| 0 eng d</controlfield>
  <datafield tag="020" ind1=" " ind2=" ">
    <subfield code="a">9788196469146</subfield>
  </datafield>
  <datafield tag="040" ind1=" " ind2=" ">
    <subfield code="c">AL</subfield>
  </datafield>
  <datafield tag="041" ind1=" " ind2=" ">
    <subfield code="a">Kannada</subfield>
  </datafield>
  <datafield tag="082" ind1=" " ind2=" ">
    <subfield code="2">23</subfield>
    <subfield code="a">K894.301</subfield>
    <subfield code="b">SWAK</subfield>
  </datafield>
  <datafield tag="100" ind1=" " ind2=" ">
    <subfield code="a">Swamy Ponnachi </subfield>
    <subfield code="9">207651</subfield>
  </datafield>
  <datafield tag="100" ind1=" " ind2=" ">
    <subfield code="b">&#xCB8;&#xCCD;&#xCB5;&#xCBE;&#xCAE;&#xCBF; &#xCAA;&#xCCA;&#xCA8;&#xCCD;&#xCA8;&#xCBE;&#xC9A;&#xCBF; </subfield>
    <subfield code="9">207652</subfield>
  </datafield>
  <datafield tag="245" ind1=" " ind2=" ">
    <subfield code="a">Kaadu hudugana Haadu Paadu: A collection of life experiences</subfield>
    <subfield code="b">&#xC95;&#xCBE;&#xCA1;&#xCC1; &#xCB9;&#xCC1;&#xCA1;&#xCC1;&#xC97;&#xCA8; &#xCB9;&#xCBE;&#xCA1;&#xCC1; &#xCAA;&#xCBE;&#xCA1;&#xCC1;: &#xC85;&#xCA8;&#xCC1;&#xCAD;&#xCB5; &#xC95;&#xCA5;&#xCA8; </subfield>
  </datafield>
  <datafield tag="260" ind1=" " ind2=" ">
    <subfield code="a">Bangalore</subfield>
    <subfield code="b">Amulya Pustaka</subfield>
    <subfield code="c">2024</subfield>
  </datafield>
  <datafield tag="300" ind1=" " ind2=" ">
    <subfield code="a">107 p.</subfield>
    <subfield code="b">PB</subfield>
    <subfield code="c">21x14 cm.</subfield>
  </datafield>
  <datafield tag="365" ind1=" " ind2=" ">
    <subfield code="a">BLCR-000070</subfield>
    <subfield code="b">&#x20B9;120.00</subfield>
    <subfield code="c">&#x20B9;</subfield>
    <subfield code="d">&#x20B9;150.00</subfield>
    <subfield code="e">20%</subfield>
    <subfield code="f">16-01-2025</subfield>
  </datafield>
  <datafield tag="520" ind1=" " ind2=" ">
    <subfield code="a">'&#xC95;&#xCBE;&#xCA1;&#xCC1; &#xCB9;&#xCC1;&#xCA1;&#xCC1;&#xC97;&#xCA8; &#xCB9;&#xCBE;&#xCA1;&#xCC1; &#xCAA;&#xCBE;&#xCA1;&#xCC1;' &#xC95;&#xCA4;&#xCC6;&#xC97;&#xCBE;&#xCB0; &#xCB8;&#xCCD;&#xCB5;&#xCBE;&#xCAE;&#xCBF; &#xCAA;&#xCCA;&#xCA8;&#xCCD;&#xCA8;&#xCBE;&#xC9A;&#xCBF; &#xC85;&#xCB5;&#xCB0; &#xC85;&#xCA8;&#xCC1;&#xCAD;&#xCB5; &#xC95;&#xCA5;&#xCA8;. &#xC88; &#xCB8;&#xC82;&#xC95;&#xCB2;&#xCA8;&#xCA6; &#xCAC;&#xCB0;&#xCB9;&#xC97;&#xCB3;&#xCC1; &#xCB8;&#xCA3;&#xCCD;&#xCA3;&#xC95;&#xCA4;&#xCC6;, &#xCB2;&#xCB2;&#xCBF;&#xCA4; &#xCAA;&#xCCD;&#xCB0;&#xCAC;&#xC82;&#xCA7;&#xC97;&#xCB3; &#xCB8;&#xCC3;&#xC9C;&#xCA8;&#xCB6;&#xCC0;&#xCB2;&#xCA4;&#xCC6;, &#xCB8;&#xCCD;&#xCB5;&#xCBE;&#xCB0;&#xCB8;&#xCCD;&#xCAF;, &#xCB0;&#xC82;&#xC9C;&#xC95;&#xCA4;&#xCC6;, &#xCAA;&#xCA4;&#xCCD;&#xCB0;&#xCBF;&#xC95;&#xCBE; &#xCAC;&#xCB0;&#xCB9;&#xC97;&#xCB3; &#xC96;&#xC9A;&#xCBF;&#xCA4;&#xCA4;&#xCC6;, &#xCB8;&#xC82;&#xC95;&#xCCD;&#xCB7;&#xCBF;&#xCAA;&#xCCD;&#xCA4;&#xCA4;&#xCC6;, &#xCB8;&#xC82;&#xCB6;&#xCCB;&#xCA7;&#xC95;&#xCA8; &#xC85;&#xCA7;&#xCCD;&#xCAF;&#xCAF;&#xCA8;&#xCB6;&#xCC0;&#xCB2;&#xCA4;&#xCC6; &#xCB8;&#xCBE;&#xCAE;&#xCBE;&#xC9C;&#xCBF;&#xC95; &#xC95;&#xCB3;&#xC95;&#xCB3;&#xCBF; &#xC88; &#xC8E;&#xCB2;&#xCCD;&#xCB2;&#xCB5;&#xCA8;&#xCCD;&#xCA8;&#xCC2; &#xC92;&#xCB3;&#xC97;&#xCCA;&#xC82;&#xCA1;&#xCBF;&#xCA6;&#xCC6;. &#xC87;&#xCB2;&#xCCD;&#xCB2;&#xCBF;&#xCAF; &#xCAC;&#xCB0;&#xCB9;&#xC97;&#xCB3;&#xCC1; &#xCB0;&#xC82;&#xC9C;&#xCA8;&#xCC0;&#xCAF;&#xCA4;&#xCC6;&#xCAF; &#xC86;&#xC9A;&#xCC6;&#xC97;&#xCC2; &#xCA4;&#xCAE;&#xCCD;&#xCAE; &#xC95;&#xCC8; &#xC9A;&#xCBE;&#xC9A;&#xCC1;&#xCA4;&#xCCD;&#xCA4;&#xCB5;&#xCC6;. &#xC88; &#xCB8;&#xC82;&#xC95;&#xCB2;&#xCA8;&#xCA6; &#xCAC;&#xCB9;&#xCC1;&#xCA4;&#xCC7;&#xC95; &#xCAC;&#xCB0;&#xCB9;&#xC97;&#xCB3;&#xCC1; &#xCA8;&#xCAE;&#xCCD;&#xCAE; &#xCA8;&#xCBE;&#xCA1;&#xCBF;&#xCA8; &#xCB5;&#xCBF;&#xCB6;&#xCBF;&#xCB7;&#xCCD;&#xC9F; &#xC95;&#xCBE;&#xCB2;&#xC98;&#xC9F;&#xCCD;&#xC9F;&#xCA6;&#xCB5;&#xCC1;. &#xCA6;&#xC82;&#xCA4;&#xC9A;&#xCCB;&#xCB0; &#xCA8;&#xCB0;&#xCB9;&#xC82;&#xCA4;&#xC95; &#xCB5;&#xCC0;&#xCB0;&#xCAA;&#xCCD;&#xCAA;&#xCA8;&#xCCD; &#xCB5;&#xCBF;&#xCB0;&#xCC1;&#xCA6;&#xCCD;&#xCA7; &#xC95;&#xCBE;&#xCB0;&#xCCD;&#xCAF;&#xCBE;&#xC9A;&#xCB0;&#xCA3;&#xCC6; &#xCA8;&#xCA1;&#xCC6;&#xCAF;&#xCC1;&#xCA4;&#xCCD;&#xCA4;&#xCBF;&#xCA6;&#xCCD;&#xCA6; &#xCB8;&#xC82;&#xCA6;&#xCB0;&#xCCD;&#xCAD;&#xCA6;&#xCCD;&#xCA6;&#xCC1;. &#xC86; &#xCAC;&#xC97;&#xCCD;&#xC97;&#xCC6; &#xCB5;&#xCBF;&#xCB5;&#xCB0;&#xC97;&#xCB3;&#xCC1; &#xCAA;&#xCA4;&#xCCD;&#xCB0;&#xCBF;&#xC95;&#xCC6;&#xC97;&#xCB3; &#xCB9;&#xCB3;&#xCC6; &#xCB8;&#xC82;&#xC9A;&#xCBF;&#xC95;&#xCC6;&#xC97;&#xCB3;&#xCB2;&#xCCD;&#xCB2;&#xCBF;, &#xCAA;&#xCCA;&#xCB2;&#xCC0;&#xCB8;&#xCCD; &#xCA6;&#xCBE;&#xC96;&#xCB2;&#xCC6;&#xC97;&#xCB3;&#xCB2;&#xCCD;&#xCB2;&#xCBF; &#xCB8;&#xCBF;&#xC95;&#xCCD;&#xC95;&#xCBE;&#xCB5;&#xCC1;. &#xC86;&#xCA6;&#xCB0;&#xCC6; &#xCB8;&#xCCD;&#xCB5;&#xCBE;&#xCAE;&#xCBF; &#xCAA;&#xCCA;&#xCA8;&#xCCD;&#xCA8;&#xCBE;&#xC9A;&#xCBF;&#xCAF;&#xCB5;&#xCB0; &#xCAC;&#xCB0;&#xCB9;&#xC97;&#xCB3;&#xCB2;&#xCCD;&#xCB2;&#xCBF; &#xC88; &#xCAA;&#xCCD;&#xCB0;&#xC95;&#xCB0;&#xCA3;&#xC97;&#xCB3; &#xCAE;&#xCA4;&#xCCD;&#xCA4;&#xCCA;&#xC82;&#xCA6;&#xCC1; &#xCAE;&#xCBE;&#xCA8;&#xCB5;&#xCC0;&#xCAF; &#xCAE;&#xCC1;&#xC96; &#xCAC;&#xCBF;&#xC9A;&#xCCD;&#xC9A;&#xCBF;&#xCA1;&#xCC1;&#xCA4;&#xCCD;&#xCA4;&#xCBE;&#xCB0;&#xCC6;. &#xC88; &#xCB8;&#xC82;&#xC95;&#xCB2;&#xCA8;&#xCA6;&#xCB2;&#xCCD;&#xCB2;&#xCBF; &#xCB9;&#xCC1;&#xCA4;&#xCBE;&#xCA4;&#xCCD;&#xCAE;&#xCB0;&#xCBE;&#xCA6; &#xCB6;&#xC95;&#xCC0;&#xCB2;&#xCCD; &#xC85;&#xCB9;&#xCAE;&#xCA6;&#xCCD; &#xC85;&#xCB5;&#xCB0; &#xCAC;&#xC97;&#xCCD;&#xC97;&#xCC6; &#xCAC;&#xCB0;&#xCB9; &#xC87;&#xCA6;&#xCC6;. &#xCB6;&#xC95;&#xCC0;&#xCB2;&#xCCD; &#xC85;&#xCB9;&#xCAE;&#xCA6;&#xCCD; &#xC85;&#xCB5;&#xCB0; &#xC95;&#xCC6;&#xCB2;&#xCB8; &#xCB8;&#xCBE;&#xCA7;&#xCA8;&#xCC6; &#xCA4;&#xCCD;&#xCAF;&#xCBE;&#xC97; &#xC8E;&#xCB2;&#xCCD;&#xCB2; &#xCA6;&#xCBE;&#xC96;&#xCB2;&#xCC6;&#xC97;&#xCB3;&#xCB2;&#xCCD;&#xCB2;&#xCBF; &#xCB8;&#xCBF;&#xC95;&#xCCD;&#xC95;&#xCC0;&#xCA4;&#xCC1;. &#xC86;&#xCA6;&#xCB0;&#xCC6;, &#xCB8;&#xCCD;&#xCB5;&#xCBE;&#xCAE;&#xCBF; &#xCAA;&#xCCA;&#xCA8;&#xCCD;&#xCA8;&#xCBE;&#xC9A;&#xCBF; &#xCB6;&#xC95;&#xCC0;&#xCB2;&#xCCD; &#xC85;&#xCB9;&#xCAE;&#xCA6;&#xCCD; &#xC85;&#xCB5;&#xCB0; &#xCB5;&#xCCD;&#xCAF;&#xC95;&#xCCD;&#xCA4;&#xCBF;&#xC9A;&#xCBF;&#xCA4;&#xCCD;&#xCB0; &#xCAC;&#xCBF;&#xCA1;&#xCBF;&#xCB8;&#xCBF;&#xCB0;&#xCC1;&#xCB5; &#xCAA;&#xCB0;&#xCBF;&#xCAF;&#xCC7; &#xCAC;&#xCC7;&#xCB0;&#xCC6;. &#xC92;&#xCAC;&#xCCD;&#xCAC; &#xC95;&#xCA4;&#xCC6;&#xC97;&#xCBE;&#xCB0; &#xCAE;&#xCBE;&#xCA4;&#xCCD;&#xCB0; &#xCB9;&#xCC0;&#xC97;&#xCC6; &#xCAC;&#xCBF;&#xCA1;&#xCBF;&#xCB8;&#xCAC;&#xCB2;&#xCCD;&#xCB2;. &#xC86;&#xCA6;&#xCB0;&#xCC6; &#xCB5;&#xCBE;&#xC9A;&#xCBE;&#xCAE;&#xC97;&#xCCB;&#xC9A;&#xCB0; &#xCB9;&#xCCA;&#xC97;&#xCB3;&#xCA6; &#xC85;&#xCA5;&#xCB5;&#xCBE; &#xC85;&#xCA8;&#xC97;&#xCA4;&#xCCD;&#xCAF; &#xCA4;&#xCC6;&#xC97;&#xCB3;&#xCA6;, &#xC95;&#xCA3;&#xCCD;&#xCA3;&#xCC0;&#xCB0;&#xCC1; &#xCB8;&#xCC1;&#xCB0;&#xCBF;&#xCB8;&#xCA6; &#xCB8;&#xC82;&#xCAF;&#xCAE; &#xC87;&#xCB5;&#xCB0;&#xCBF;&#xC97;&#xCBF;&#xCA6;&#xCC6;.</subfield>
  </datafield>
  <datafield tag="650" ind1=" " ind2=" ">
    <subfield code="a">Life experience</subfield>
    <subfield code="9">194798</subfield>
  </datafield>
  <datafield tag="650" ind1=" " ind2=" ">
    <subfield code="a">&#xC85;&#xCA8;&#xCC1;&#xCAD;&#xCB5; &#xC95;&#xCA5;&#xCA8; </subfield>
    <subfield code="9">194799</subfield>
  </datafield>
  <datafield tag="942" ind1=" " ind2=" ">
    <subfield code="2">ddc</subfield>
    <subfield code="c">BK</subfield>
  </datafield>
  <datafield tag="999" ind1=" " ind2=" ">
    <subfield code="c">233692</subfield>
    <subfield code="d">233692</subfield>
  </datafield>
  <datafield tag="952" ind1=" " ind2=" ">
    <subfield code="0">0</subfield>
    <subfield code="1">0</subfield>
    <subfield code="2">ddc</subfield>
    <subfield code="4">0</subfield>
    <subfield code="7">0</subfield>
    <subfield code="8">PS</subfield>
    <subfield code="a">AL</subfield>
    <subfield code="b">AL</subfield>
    <subfield code="d">2025-01-21</subfield>
    <subfield code="e">Navakarnataka Publications Pvt Ltd Mangaluru-575001</subfield>
    <subfield code="g">120.00</subfield>
    <subfield code="l">0</subfield>
    <subfield code="o">K894.301 SWAK</subfield>
    <subfield code="p">077553</subfield>
    <subfield code="r">2025-01-23 00:00:00</subfield>
    <subfield code="v">150.00</subfield>
    <subfield code="w">2025-01-23</subfield>
    <subfield code="y">BK</subfield>
  </datafield>
</record>
